00658nam a2200229 a 4500001001300000003000900013005001700022008004100039020000900080082001700089100002800106245001700134260004100151300000900192500003500201650001600236700002800252902000800280942000700288952011600295999001700411nice12345678IN_TiNIC20260116013600.0070501s1993 hyda grp 000 0 urd  ac4000a340.59bABD6 aAbdus Sattar, Syed Mohd aAaq-O-talaaq aHyderabad bHusami Book Depot c1993 a120p aincludes index and biblioraphy aIslamic-Law1 aAbdus Sattar, Syed Mohd bSRS cBK 001040708StackRoom-aHMIbHMId2007-05-01g40.00l0o340.59 ABD6p016159r2007-05-01v40.00w2007-05-01yBK c11546d11546